00416 a2200145 4500020001800000040001300018082001100031100003000042245004900072260004000121300002400161650002700185650002700212650003100239 a0-07-033157-X aDLCbDLC a621.311 aKabisama, Henslay William00aElectrical power engineering cH.W. Kabisama aNew York :bMcGraw-Hill,ccop. 1993 axii, 292 s. :bill. 7aElectric power systems 7aElectrical engineering 7aElectric power engineering